000 01083cam a2200193 4500
001 WB@3612-320
008 040903n2004 000 0 eng u
035 _a(Sirsi) u127266
245 _aAir quality
260 _c2004
490 _aGreater London Authority News Release
_v(308) 26 August 2004
520 _aThe 13th World clean air and environmental protection congress has just been held in London. A report to the seminar published by the Greater London Authority, suggests that more needs to be done to meet the air quality targets set by the government and EU, and that the EU, national governments and local authorities all need to work together to improve air quality. "The mayor's air quality strategy" can be viewed at: http://www.london.gov.uk/mayor/strategies/air_qual ity/index.jsp, whilst a summary of the congress is at: http://www.kenes.com/cleanair/. http://www.london.gov.uk/view_press_release.jsp?re leaseid=4204
590 _aWB
590 _aWB
650 _aAIR QUALITY
650 _aAIR POLLUTION
690 _aENVIRONMENT-MANAGEMENT
942 _n0
999 _c117957
_d117957